SAT A Words (Typing Challenge) Quiz Stats

 Plays Quiz not verified by Sporcle

Challenge
Share
Tweet
Embed
Score 0/40 Timer 01:00
0 Plays Today
Type This Word % Correct
????
100%
????
97.9%
????
97.9%
????
96.8%
????
95.7%
????
95.2%
????
94.1%
????
93.6%
????
90.9%
????
87.7%
????
86.6%
????
85.6%
????
82.9%
????
81.8%
????
76.5%
????
71.7%
????
65.2%
????
63.1%
????
61.5%
????
59.9%
Type This Word % Correct
????
57.8%
????
53.5%
????
51.3%
????
48.1%
????
46%
????
42.2%
????
38.5%
????
32.6%
????
30.5%
????
29.4%
????
26.7%
????
25.7%
????
24.1%
????
23%
????
20.9%
????
18.7%
????
17.1%
????
15.5%
????
13.4%
????
10.7%

You're not logged in!

Compare scores with friends on all Sporcle quizzes.
OR
Log In

You Might Also Like...

Show Comments

Extras

Top Quizzes Today


Score Distribution

Your Account Isn't Verified!

In order to create a playlist on Sporcle, you need to verify the email address you used during registration. Go to your Sporcle Settings to finish the process.

Report this User

Report this user for behavior that violates our Community Guidelines.

Details: